Service assurance for voice over WiFi and 3G networks (Record no. 8182)
[ view plain ]
| 000 -LEADER | |
|---|---|
| fixed length control field | 00676 a2200205 4500 |
| 020 ## - INTERNATIONAL STANDARD BOOK NUMBER | |
| International Standard Book Number | 1596930004 |
| 040 ## - CATALOGING SOURCE | |
| Original cataloging agency | DLC |
| Language of cataloging | DLC |
| 082 00 - DEWEY DECIMAL CLASSIFICATION NUMBER | |
| Classification number | 384.5/34 |
| 100 1# - MAIN ENTRY--PERSONAL NAME | |
| Personal name | Lau, Richard, |
| 245 10 - TITLE STATEMENT | |
| Title | Service assurance for voice over WiFi and 3G networks |
| Statement of responsibility, etc. | Richard Lau, Ram Khare, William Y. Chang. |
| 260 ## - PUBLICATION, DISTRIBUTION, ETC. | |
| Place of publication, distribution, etc. | Boston : |
| Name of publisher, distributor, etc. | Artech House, |
| Date of publication, distribution, etc. | 2005. |
| 300 ## - PHYSICAL DESCRIPTION | |
| Extent | xxi, 415 p. : |
| Other physical details | ill. ; |
| Dimensions | 23 cm. |
| 440 #0 - SERIES STATEMENT/ADDED ENTRY--TITLE | |
| Title | Artech House telecommunications library |
| 650 #0 - SUBJECT ADDED ENTRY--TOPICAL TERM | |
| Topical term or geographic name entry element | Internet telephony |
| General subdivision | Quality control. |
| 650 #0 - SUBJECT ADDED ENTRY--TOPICAL TERM | |
| Topical term or geographic name entry element | Cellular telephone systems |
| General subdivision | Quality control. |
| 650 #0 - SUBJECT ADDED ENTRY--TOPICAL TERM | |
| Topical term or geographic name entry element | IEEE 802.11 (Standard) |
| 700 1# - ADDED ENTRY--PERSONAL NAME | |
| Personal name | Khare, Ram. |
| 700 1# - ADDED ENTRY--PERSONAL NAME | |
| Personal name | Chang, William Y. |
| 942 ## - ADDED ENTRY ELEMENTS (KOHA) | |
| Koha item type | Book |
| Call number prefix | 621.38212 LAU |
| Source of classification or shelving scheme | |
| Withdrawn status | Lost status | Damaged status | Not for loan | Collection code | Permanent Location | Current Location | Shelving location | Date acquired | Source of acquisition | Cost, normal purchase price | Total Checkouts | Full call number | Barcode | Date last seen | Price effective from | Koha item type |
|---|---|---|---|---|---|---|---|---|---|---|---|---|---|---|---|---|
| Central Library (CL) | Central Library (CL) | General Stacks | 04/25/2006 | A&J DEF Tek Consultant | 6367.86 | 621.38212 LAU | SEECS007264 | 11/14/2012 | 01/05/2017 | Book |
